| 000 | 00448cam a2200145u 4500 | ||
|---|---|---|---|
| 082 |
_a796.3578 _bNOR _cL-32, P-27 |
||
| 100 | 1 |
_aNoren, Arthur T. [from old catalog] _945912 |
|
| 245 | 0 | 0 | _aSoftball, |
| 260 |
_aNew York, _bA. S. Barnes and company _c[1947] |
||
| 300 |
_axvi, 114 p., 1 l. _billus. (incl. ports.) diagrs. _c24 cm. |
||
| 526 |
_a0 _b0 _c0 _d796_357800000000000_NOR |
||
| 650 | 0 |
_aMCE _9379 |
|
| 650 | 0 |
_aSoftball. _945913 |
|
| 942 |
_2ddc _cBK |
||
| 999 |
_c549313 _d549313 |
||